000 00285nam a2200121 a 4500
005 20140414132012.0
008 110309s19uu xx 00 eng d
050 _aVCD
_bN93
245 _aNursery songs Vol 4.
650 _aNursery rhymes
650 _aChildren songs
999 _c113291
_d113291